<?xml version="1.0" encoding="UTF-8"?>
<collection xmlns="http://www.loc.gov/MARC21/slim">
 <record>
  <leader>00794nam a22002175a 4500</leader>
  <controlfield tag="001">CEM.cems002578</controlfield>
  <controlfield tag="005">19000101000000.0</controlfield>
  <controlfield tag="008">130507s1978##################000#0#####d</controlfield>
  <controlfield tag="003">CEMS</controlfield>
  <datafield tag="082" ind1="0" ind2="4">
   <subfield code="a">327.82</subfield>
  </datafield>
  <datafield tag="100" ind1="1" ind2=" ">
   <subfield code="a">Foulkes, Harold</subfield>
  </datafield>
  <datafield tag="245" ind1="1" ind2="0">
   <subfield code="a">Las malvinas; una causa nacional /</subfield>
  </datafield>
  <datafield tag="260" ind1=" " ind2=" ">
   <subfield code="a">Argentina :</subfield>
   <subfield code="b">Corregidor,</subfield>
   <subfield code="c">1978</subfield>
  </datafield>
  <datafield tag="300" ind1=" " ind2=" ">
   <subfield code="a">147 p.</subfield>
  </datafield>
  <datafield tag="505" ind1="0" ind2=" ">
   <subfield code="a">1. Las Malvinas hoy. 2. Las gnetes. 3. Las Falklands Islands Company. 4. Presencia Argentina. 5 Petr¢leo, algas, krill. 6. El pleito en las Naciones unidas. 7. MisiOn Shackleton. 8. Mision Rowlands. 9. Las Malvinas ma¤ana</subfield>
  </datafield>
  <datafield tag="653" ind1=" " ind2=" ">
   <subfield code="a">Krill</subfield>
  </datafield>
  <datafield tag="653" ind1=" " ind2=" ">
   <subfield code="a">Malvinas</subfield>
  </datafield>
  <datafield tag="653" ind1=" " ind2=" ">
   <subfield code="a">Malvinas-economia</subfield>
  </datafield>
  <datafield tag="653" ind1=" " ind2=" ">
   <subfield code="a">Malvinas-geografia</subfield>
  </datafield>
  <datafield tag="653" ind1=" " ind2=" ">
   <subfield code="a">Malvinas-gobierno</subfield>
  </datafield>
  <datafield tag="859" ind1=" " ind2=" ">
   <subfield code="a">CEMS</subfield>
   <subfield code="b">BIB. CEMS - 11 de abril</subfield>
   <subfield code="h">327.82</subfield>
   <subfield code="i">F823</subfield>
   <subfield code="p">12182.83</subfield>
   <subfield code="t">Ej.1</subfield>
  </datafield>
 </record>
</collection>
